توسيع الفرص المتاحة للشباب وبناء قدراته : (Record no. 29545)

MARC details
000 -الفاتح
حقل البيانات ثابتة الطول 01256nam a22003017a 4500
003 - محدد رقم الضبط
رقم الضبط EG-ScBUE
005 - وقت وتاريخ اخر تعامل مع التسجيلة
رقم الضبط 20211004145558.0
008 - عناصر البيانات ثابتة الطول - معلومات عامة
حقل البيانات ثابتة الطول 210930s2006 ua a f b 000 0 ara d
017 ## - رقم الإيداع القانونى
رقم الإيداع القانونى 2006/15801
020 ## - الرقم الدولى المعيارى للكتب
الرقم الدولى المعيارى للكتاب 9772822342
040 ## - مصدر الفهرسة
وكالة الفهرسة الأصلية EG-ScBUE
لغة الفهرسة ara
قواعد الوصف rda
وكالة النسخ EG-ScBUE
وكالة التعديل EG-ScBUE
082 04 - رقم تصنيف ديوى العشرى
رقم التصنيف 373.0246
رقم المادة ب ن ك
رقم الطبعة 22
110 2# - المدخل الرئيسى - إسم هيئة
اسم الهيئة أو اسم السلطة كمدخل البنك الدولي،
الدور مؤلف.
245 10 - بيان العنوان
العنوان توسيع الفرص المتاحة للشباب وبناء قدراته :
بقية العنوان برنامج عمل جديد للتعليم الثانوي /
بيان المسئوليه,etc البنك الدولي، واشنطن دي.سي.
264 #1 - النشر، التوزيع
مكان الناشر او الموزع القاهرة :
اسم الناشر او الموزع الدار الدولية للاستثمارات الثقافية،
تاريخ النشر أو التوزيع 2006.
300 ## - الوصف المادى
التعداد 470 صفحة :
تفاصيل ماديه اخرى للوعاء إيضاحيات ؛
أبعاد الوعاء 25 سم.
336 ## - نوع المحتوى
source rdacontent
Carrier Type Term نص
Content Type Code txt
337 ## - نوع الوسيط
source rdamedia
Media Type Term بدون وسيط
Media Type Code n
338 ## - نوع الحامل أو الناقل
source rdacarrier
Carrier Type Term مجلد
Carrier Type Code nc
490 0# - بيان السلسلة
عنوان السلسلة ألف باء
504 ## - تبصرة ببليوجرافية
تبصرة ببليوجرافية,الخ يشتمل على إرجاعات ببليوجرافية.
541 ## - تبصرة المصدر المباشر للتزويد
طريقة التزويد Donation.
650 #7 - المدخل الاضافى بالموضوع-مصطلح موضوعى
مصطلح موضوعي أو اسم جغرافي كعنصر مدخل التعليم المهني
التقسيم الفرعي العام جوانب اقصادية.
مصدر الرأس أو المصطلح BUEsh
650 #7 - المدخل الاضافى بالموضوع-مصطلح موضوعى
مصطلح موضوعي أو اسم جغرافي كعنصر مدخل التعليم الثانوي
التقسيم الفرعي العام جوانب اقصادية.
مصدر الرأس أو المصطلح BUEsh
653 #7 - مصطلح تكشيفى غير مقيد
مصطلح غير مقيد BUEsh
Resource For college Generalities
Arrived date list September2021
655 #7 - مصطلح تكشيفى-نوع/شكل
مصدر المصطلح BUEsh
التقسيم الفرعي الشكلي Reading book
-- 34232
942 ## - عناصر المدخل الإضافي( كوها)
مصدر التصنيف او مخطط الترفيف Dewey Decimal Classification
Holdings
حالة التراجع حالة الفقد مصدر التصنيف او خطة الترفيف حالة تلف ليس للاعارة مجموعات كوها المكان الدائم المكان الحالي موقع الترفيف تاريخ الاكتساب Source of acquisition رقم الاستدعاء الباركود Date last seen نوع الوعاء
    Dewey Decimal Classification     Donation-Gift Central Library Central Library First floor 30/09/2021 Donation 373.0246 ب ن ك 000050786 15/07/2025 Book - Borrowing